000 00808nam a2200253 a 4500
001 BRCA_5998
005 20190320205307.0
008 290311s1955----fr-a######---#000-0#fre-#
041 _afre
044 _afr
050 4 _aNK7215
_b.A99 1955
100 1 _aAuzas, Pierre Marie
_915149
245 1 0 _aL´orfevrerie religieuse bretonne
_cPierre-Marie Auzas ; preface de Gabriel Le Bras ; releve des poincons par Raymond Girard.
260 _aParís
_bA. & J. Picard
_c1955
300 _a156 p.
_bil., 28 láminas
_c28 cm.
500 _aEstado físico: encuadernacón desprendida
500 _aG106
650 1 4 _aOrfebrería religiosa
_zFrancia
_915150
650 1 4 _aOrfebrería
_zFrancia
_911413
700 1 _aBras, Gabriel Le
_915151
700 1 _aGirard, Raymond
_915152
902 _aGFM
942 _2lcc
_cB
999 _c5687
_d5687